[Event "Oberliga Wuerttemberg 1718"]
[Site "Wuerttemberg"]
[Date "2018.01.21"]
[Round "6"]
[White "Neyman, Igor"]
[Black "Smolny, Frieder"]
[Result "1-0"]
[WhiteElo "2322"]
[BlackElo "2151"]
[PlyCount "91"]
[EventDate "2017.09.17"]
[EventType "team-tourn"]
[EventRounds "9"]
[EventCountry "GER"]
[SourceTitle "EXT 2019"]
[Source "ChessBase"]
[SourceDate "2018.10.10"]
[SourceVersion "1"]
[SourceVersionDate "2018.10.10"]
[SourceQuality "1"]
[WhiteTeam "Stuttgart SF"]
[BlackTeam "Ulm Weisse Dame"]
[WhiteTeamCountry "GER"]
[BlackTeamCountry "GER"]

1. d4 Nf6 2. c4 g6 3. Nc3 d5 4. Nf3 Bg7 5. g3 dxc4 6. Qa4+ Nc6 7. Bg2 0-0 8. Qxc4 Nd7 9. e3 Nb6 10. Qe2 e5 11. Nxe5 Nxe5 12. dxe5 Be6 13. b3 Bxe5 14. Bb2 Nd5 15. Nxd5 Bxb2 16. Qxb2 Bxd5 17. 0-0-0 Bxg2 18. Rxd8 Rfxd8 19. Rd1 Rxd1+ 20. Kxd1 Bf3+ 21. Kc1 a5 22. Qf6 Bd5 23. Qe5 Be6 24. e4 a4 25. Kb2 axb3 26. axb3 Rd8 27. Kc3 Rd6 28. b4 Rc6+ 29. Kd3 f6 30. Qa5 Kg7 31. f4 b6 32. Qa8 Rc4 33. Qd8 c5 34. Qe7+ Bf7 35. Qxf7+ Kxf7 36. Kxc4 cxb4 37. Kxb4 g5 38. Kb5 Ke6 39. Kxb6 gxf4 40. gxf4 Kd6 41. Kb5 Kc7 42. Kc5 Kd7 43. Kd5 Ke7 44. Kc6 Ke6 45. Kc7 Ke7 46. f5 1-0

[Event "Staufer op 29th"]
[Site "Schwaebisch Gmuend"]
[Date "2017.01.06"]
[Round "9"]
[White "Kersten, Uwe"]
[Black "Smolny, Frieder"]
[Result "1-0"]
[WhiteElo "2280"]
[BlackElo "2161"]
[PlyCount "99"]
[EventDate "2017.01.02"]
[EventType "swiss"]
[EventRounds "9"]
[EventCountry "GER"]
[SourceTitle "CBM 176 Extra"]
[Source "ChessBase"]
[SourceDate "2017.03.02"]
[SourceVersion "1"]
[SourceVersionDate "2017.03.02"]
[SourceQuality "1"]

1. e4 Nf6 2. e5 Nd5 3. d4 d6 4. Nf3 g6 5. Bc4 Nb6 6. Bb3 Bg7 7. Ng5 e6 8. f4 dxe5 9. dxe5 Qxd1+ 10. Kxd1 Bd7 11. Nc3 Nc6 12. Be3 Na5 13. Ke2 Nbc4 14. Bc1 a6 15. Rd1 Bc6 16. g3 0-0 17. Bxc4 Nxc4 18. b3 Nb6 19. Ba3 Rfe8 20. Nge4 Nd7 21. Rd3 f5 22. Ng5 Nb6 23. Rad1 a5 24. Bc5 Nd5 25. Nxd5 Bxd5 26. c4 Bc6 27. a4 b6 28. Ba3 h6 29. Nf3 Be4 30. R3d2 c5 31. Ne1 Bf8 32. Bb2 Be7 33. Rd7 Bc6 34. Rc7 Rac8 35. Ra7 Ra8 36. Rc7 Rac8 37. Ra7 Rcd8 38. Rxe7 Rxd1 39. Rxe8+ Bxe8 40. Kxd1 Bc6 41. Bc1 Be4 42. Be3 Kf7 43. Kd2 Ke7 44. Nd3 Bxd3 45. Kxd3 Kd7 46. Ke2 Kc6 47. Kf3 Kc7 48. g4 Kc6 49. Bf2 Kc7 50. Bh4 1-0

[Event "Staufer op 29th"]
[Site "Schwaebisch Gmuend"]
[Date "2017.01.05"]
[Round "7"]
[White "Danada, Tomas"]
[Black "Smolny, Frieder"]
[Result "0-1"]
[WhiteElo "2231"]
[BlackElo "2161"]
[PlyCount "110"]
[EventDate "2017.01.02"]
[EventType "swiss"]
[EventRounds "9"]
[EventCountry "GER"]
[SourceTitle "CBM 176 Extra"]
[Source "ChessBase"]
[SourceDate "2017.03.02"]
[SourceVersion "1"]
[SourceVersionDate "2017.03.02"]
[SourceQuality "1"]

1. g3 g6 2. Bg2 Bg7 3. e4 e5 4. Ne2 Nf6 5. 0-0 0-0 6. c4 a6 7. d4 exd4 8. Nxd4 Nc6 9. Nxc6 bxc6 10. e5 Ne8 11. Re1 Qe7 12. Nc3 Qc5 13. Qe2 Rb8 14. Bg5 h6 15. Bf4 g5 16. Bd2 d6 17. exd6 Nxd6 18. b3 Nf5 19. Rad1 Nd4 20. Qe3 Bg4 21. Ne4 Qf5 22. Bc3 Nc2 23. Qd3 Nxe1 24. Rxe1 Rbd8 25. Qc2 Bd4 26. h3 Bxh3 27. Bxh3 Qxh3 28. Bxd4 Rxd4 29. Nf6+ Kg7 30. Qc3 Rfd8 31. Qf3 Kg6 32. Ne8 Qf5 33. Qxc6+ f6 34. Re6 R8d6 35. Rxd6 cxd6 36. Nxd6 Qe6 37. c5 Rd1+ 38. Kg2 Qe1 39. Kh3 Qe6+ 40. Kg2 Qe1 41. Kh3 h5 42. Qe4+ Qxe4 43. Nxe4 Kf5 44. Nd6+ Ke6 45. Nc4 Ra1 46. a4 Kd5 47. Nd6 g4+ 48. Kg2 Kxc5 49. Ne4+ Kb4 50. Nxf6 Kxb3 51. Nxh5 Rxa4 52. Nf6 a5 53. Nd7 Rd4 54. Nb6 Rd6 55. Nc8 Ra6 0-1

[Event "Staufer op 29th"]
[Site "Schwaebisch Gmuend"]
[Date "2017.01.02"]
[Round "1"]
[White "Velicka, Petr"]
[Black "Smolny, Frieder"]
[Result "1-0"]
[WhiteElo "2420"]
[BlackElo "2161"]
[PlyCount "51"]
[EventDate "2017.01.02"]
[EventType "swiss"]
[EventRounds "9"]
[EventCountry "GER"]
[SourceTitle "CBM 176 Extra"]
[Source "ChessBase"]
[SourceDate "2017.03.02"]
[SourceVersion "1"]
[SourceVersionDate "2017.03.02"]
[SourceQuality "1"]

1. e4 Nf6 2. e5 Nd5 3. d4 d6 4. c4 Nb6 5. exd6 cxd6 6. Nc3 g6 7. Be3 Bg7 8. Rc1 0-0 9. b3 Bf5 10. Be2 d5 11. c5 Nc8 12. Bf3 Nc6 13. Bxd5 e5 14. Bxc6 bxc6 15. Nge2 Qa5 16. 0-0 Rd8 17. d5 cxd5 18. Nxd5 Be6 19. Nec3 e4 20. b4 Qa6 21. Nc7 Rxd1 22. Rfxd1 Qc6 23. Rd8+ Bf8 24. Bh6 Nb6 25. Nxa8 Nxa8 26. Rxf8# 1-0

[Event "Staufer op-A 28th"]
[Site "Schwaebisch Gmuend"]
[Date "2016.01.06"]
[Round "9"]
[White "Jurek, Josef"]
[Black "Smolny, Frieder"]
[Result "1/2-1/2"]
[WhiteElo "2291"]
[BlackElo "2158"]
[PlyCount "107"]
[EventDate "2016.01.02"]
[EventType "swiss"]
[EventRounds "9"]
[EventCountry "GER"]
[SourceTitle "CBM 170 Extra"]
[Source "ChessBase"]
[SourceDate "2016.02.25"]
[SourceVersion "1"]
[SourceVersionDate "2016.02.25"]
[SourceQuality "1"]

1. c4 g6 2. d4 Nf6 3. Nf3 Bg7 4. g3 c6 5. Bg2 d5 6. cxd5 cxd5 7. Ne5 Ne4 8. Nc3 Nxc3 9. bxc3 0-0 10. 0-0 Nc6 11. Nxc6 bxc6 12. e4 Ba6 13. Re1 e6 14. Bf4 Bc4 15. Qa4 Qb6 16. Rab1 Qa6 17. Qxa6 Bxa6 18. Bf1 Bxf1 19. Kxf1 dxe4 20. Rxe4 Rfd8 21. Rb7 Bf8 22. Re2 c5 23. Be5 cxd4 24. Bxd4 Rdc8 25. Rc2 Bc5 26. Bxc5 Rxc5 27. c4 Rac8 28. Rxa7 Rxc4 29. Rd2 R8c7 30. Rxc7 Rxc7 31. Ke2 Rc3 32. Kd1 Kg7 33. Rc2 Ra3 34. Kc1 g5 35. Kb2 Ra7 36. Rc4 f5 37. a4 Kf6 38. Kb3 Ke5 39. Kb4 Rb7+ 40. Kc5 Rb2 41. f4+ gxf4 42. gxf4+ Kf6 43. a5 Rxh2 44. a6 e5 45. Ra4 Rc2+ 46. Kd6 Rd2+ 47. Kc7 Rc2+ 48. Kb6 Rc8 49. a7 exf4 50. Kb7 Re8 51. Rxf4 Re7+ 52. Kb6 Rxa7 53. Kxa7 Ke5 54. Ra4 1/2-1/2

[Event "Staufer op-A 28th"]
[Site "Schwaebisch Gmuend"]
[Date "2016.01.02"]
[Round "1"]
[White "Smolny, Frieder"]
[Black "Kramer, Julian"]
[Result "0-1"]
[WhiteElo "2158"]
[BlackElo "2387"]
[PlyCount "54"]
[EventDate "2016.01.02"]
[EventType "swiss"]
[EventRounds "9"]
[EventCountry "GER"]
[SourceTitle "CBM 170 Extra"]
[Source "ChessBase"]
[SourceDate "2016.02.25"]
[SourceVersion "1"]
[SourceVersionDate "2016.02.25"]
[SourceQuality "1"]

1. d4 Nf6 2. c4 g6 3. g3 c6 4. Bg2 d5 5. Nf3 Bg7 6. 0-0 0-0 7. Qa4 Nbd7 8. cxd5 Nb6 9. Qb3 cxd5 10. Nc3 Ne4 11. Bf4 Bf5 12. Nb5 Nc4 13. Nc7 Rc8 14. Qxb7 Ned6 15. Qxd5 Be4 16. Ne6 Bxd5 17. Nxd8 Rfxd8 18. b3 Na3 19. Rac1 Nc2 20. e3 Nb4 21. Bxd6 exd6 22. a3 Nc2 23. Nd2 Bxg2 24. Kxg2 d5 25. Nb1 Rc7 26. h4 Rdc8 27. Kg1 Nxd4 0-1

[Event "Wuerttemberg-ch MT"]
[Site "Stuttgart"]
[Date "2015.09.01"]
[Round "4"]
[White "Latzke, Boris Alexander"]
[Black "Smolny, Frieder"]
[Result "1-0"]
[WhiteElo "2257"]
[BlackElo "2156"]
[PlyCount "103"]
[EventDate "2015.08.29"]
[EventType "swiss"]
[EventRounds "9"]
[EventCountry "GER"]
[SourceTitle "EXT 2017"]
[Source "ChessBase"]
[SourceDate "2016.10.25"]
[SourceVersion "1"]
[SourceVersionDate "2016.10.25"]
[SourceQuality "1"]

1. d4 Nf6 2. c4 g6 3. Nc3 d5 4. Nf3 Bg7 5. Qb3 dxc4 6. Qxc4 0-0 7. e4 a6 8. Be2 b5 9. Qb3 c5 10. dxc5 Be6 11. Qc2 Nbd7 12. Be3 Rc8 13. Rd1 b4 14. Na4 Qa5 15. b3 Ng4 16. Bd4 Bxd4 17. Nxd4 Nxc5 18. Nxc5 Rxc5 19. Qd2 Bc8 20. 0-0 Qc7 21. Bxg4 Bxg4 22. f3 e5 23. fxg4 exd4 24. Qxd4 Rc2 25. Rd2 a5 26. h3 Rxd2 27. Qxd2 Rd8 28. Qg5 Re8 29. Qf4 Qb6+ 30. Kh2 Re7 31. Rc1 Kg7 32. g5 Qe6 33. Rc5 Qxe4 34. Qxe4 Rxe4 35. Rxa5 h6 36. gxh6+ Kxh6 37. Kg3 Re2 38. Kf3 Rc2 39. Ra4 Kh5 40. Rxb4 Rxa2 41. Rb8 Rb2 42. g4+ Kh6 43. h4 f6 44. b4 Rb1 45. Rb5 f5 46. gxf5 gxf5 47. Kf4 Rf1+ 48. Ke5 Kh5 49. Kf6 Kg4 50. h5 f4 51. Rg5+ Kf3 52. h6 1-0

[Event "Wuerttemberg-ch MT"]
[Site "Stuttgart"]
[Date "2015.08.29"]
[Round "2"]
[White "Kabisch, Thilo"]
[Black "Smolny, Frieder"]
[Result "1-0"]
[WhiteElo "2286"]
[BlackElo "2156"]
[PlyCount "67"]
[EventDate "2015.08.29"]
[EventType "swiss"]
[EventRounds "9"]
[EventCountry "GER"]
[SourceTitle "EXT 2017"]
[Source "ChessBase"]
[SourceDate "2016.10.25"]
[SourceVersion "1"]
[SourceVersionDate "2016.10.25"]
[SourceQuality "1"]

1. e4 Nf6 2. e5 Nd5 3. d4 d6 4. Nf3 g6 5. Be2 Bg7 6. 0-0 0-0 7. Re1 Nc6 8. c4 Nb6 9. exd6 cxd6 10. h3 Bf5 11. Nc3 Rc8 12. Bg5 h6 13. Bh4 g5 14. Bg3 Nb4 15. Rc1 Nxc4 16. Qb3 Nd3 17. Bxd3 Bxd3 18. Nd5 e6 19. Nb4 Nxb2 20. Rxc8 Qxc8 21. Qxb2 Bf5 22. Bxd6 Rd8 23. Be5 f6 24. Bg3 a5 25. Rc1 Qd7 26. Nc2 h5 27. Ne3 Be4 28. Rc7 Qa4 29. Rc4 Qd7 30. Qb6 h4 31. Rc7 Qe8 32. Bd6 Bc6 33. Re7 Qf8 34. Rxg7+ 1-0

[Event "Staufer op 25th"]
[Site "Schwaebisch Gmuend"]
[Date "2013.01.06"]
[Round "9"]
[White "Smolny, Frieder"]
[Black "Koop, Thorben"]
[Result "1/2-1/2"]
[WhiteElo "2169"]
[BlackElo "2147"]
[PlyCount "55"]
[EventDate "2013.01.02"]
[EventType "swiss"]
[EventRounds "9"]
[EventCountry "GER"]
[SourceTitle "CBM 152 Extra"]
[Source "ChessBase"]
[SourceDate "2013.02.25"]
[SourceVersion "1"]
[SourceVersionDate "2013.02.25"]
[SourceQuality "1"]

1. Nf3 Nf6 2. c4 g6 3. Nc3 Bg7 4. e4 d6 5. d4 0-0 6. Be2 c6 7. 0-0 a6 8. a4 a5 9. h3 Na6 10. Be3 Qc7 11. Nd2 e5 12. dxe5 dxe5 13. c5 Nb4 14. Na2 Be6 15. Nxb4 axb4 16. Qc2 Rfd8 17. Bc4 Qe7 18. Qb3 Bxc4 19. Qxc4 Nh5 20. Qxb4 Nf4 21. Nf3 Ne2+ 22. Kh1 Nd4 23. Bxd4 exd4 24. Rfe1 Rd7 25. Rad1 Rad8 26. Qc4 d3 27. b4 h5 28. Re3 1/2-1/2

[Event "Augsburg Afro op-A 18th"]
[Site "Augsburg"]
[Date "2011.08.04"]
[Round "1"]
[White "Smolny, Frieder"]
[Black "Braun, Stefan"]
[Result "0-1"]
[WhiteElo "2153"]
[BlackElo "1901"]
[PlyCount "110"]
[EventDate "2011.08.04"]
[EventType "swiss"]
[EventRounds "7"]
[EventCountry "GER"]
[SourceTitle "EXT 2015"]
[Source "ChessBase"]
[SourceDate "2014.11.20"]
[SourceVersion "1"]
[SourceVersionDate "2014.11.20"]
[SourceQuality "1"]

1. Nf3 Nf6 2. c4 c5 3. g3 g6 4. Bg2 Bg7 5. 0-0 0-0 6. Nc3 Nc6 7. d4 cxd4 8. Nxd4 Qb6 9. Nc2 d6 10. b3 Bf5 11. Bb2 Qa5 12. Qc1 Rac8 13. Ne3 Be6 14. Ncd5 Bxd5 15. Nxd5 Nxd5 16. Bxd5 b5 17. Bxg7 Kxg7 18. Qb2+ Kg8 19. cxb5 Qxb5 20. Bg2 Qe5 21. Qxe5 Nxe5 22. Rfc1 Rc5 23. Rxc5 dxc5 24. Rd1 Rc8 25. h3 Rc7 26. f4 Nd7 27. Kf2 e6 28. Ke3 Kf8 29. Kd3 Nb6 30. Kc3 Ke7 31. e4 e5 32. Bf1 f6 33. Bc4 Rd7 34. Rf1 Nxc4 35. Kxc4 Rd4+ 36. Kxc5 Rxe4 37. b4 exf4 38. Rxf4 Rxf4 39. gxf4 g5 40. f5 h5 41. Kd5 Kd7 42. a4 Kc7 43. Kd4 Kd6 44. Ke4 h4 45. Kf3 Kd5 46. Kg4 Kc4 47. b5 Kb4 48. Kh5 Kxa4 49. Kg6 g4 50. hxg4 h3 51. g5 h2 52. gxf6 h1Q 53. f7 Qg2+ 54. Kf6 Qb2+ 55. Ke6 Qh8 0-1

[Event "Ulm/Neu Ulm-ch"]
[Site "Ulm/Neu Ulm"]
[Date "2009.11.13"]
[Round "5"]
[White "Krassowizkij, Jaroslaw"]
[Black "Smolny, Frieder"]
[Result "1-0"]
[WhiteElo "2110"]
[BlackElo "1970"]
[PlyCount "37"]
[EventDate "2009.09.18"]
[EventType "swiss"]
[EventRounds "5"]
[EventCountry "GER"]
[SourceTitle "EXT 2011"]
[Source "ChessBase"]
[SourceDate "2010.11.26"]
[SourceVersion "1"]
[SourceVersionDate "2010.11.26"]
[SourceQuality "1"]

1. e4 e5 2. f4 d5 3. exd5 exf4 4. Nf3 Nf6 5. c4 c6 6. d4 cxd5 7. Nc3 Bb4 8. Bd3 0-0 9. 0-0 Nc6 10. Bxf4 dxc4 11. Bxc4 Bg4 12. Bg5 Bxf3 13. Rxf3 Qxd4+ 14. Qxd4 Nxd4 15. Rd3 Rac8 16. Bxf6 Rxc4 17. Bxd4 Rxd4 18. Rxd4 Bc5 19. Rad1 1-0

[Event "Deizisau op 2nd"]
[Site "Deizisau"]
[Date "2007.11.01"]
[Round "3"]
[White "Smolny, Frieder"]
[Black "Kabisch, Thilo"]
[Result "0-1"]
[WhiteElo "2020"]
[BlackElo "2241"]
[PlyCount "79"]
[EventDate "2007.10.31"]
[EventType "swiss"]
[EventRounds "7"]
[EventCountry "GER"]
[SourceTitle "EXT 2011"]
[Source "ChessBase"]
[SourceDate "2010.11.26"]
[SourceVersion "1"]
[SourceVersionDate "2010.11.26"]
[SourceQuality "1"]

1. Nf3 Nf6 2. c4 g6 3. Nc3 Bg7 4. d4 0-0 5. e4 d6 6. h3 e5 7. d5 c6 8. Bg5 Na6 9. Be2 h6 10. Be3 Bd7 11. Nd2 Nh7 12. g4 Kh8 13. Qc2 f5 14. f3 Rc8 15. Qb3 b6 16. Qa3 Nc5 17. b4 cxd5 18. cxd5 fxe4 19. bxc5 exf3 20. Bxf3 e4 21. Bxe4 Qh4+ 22. Ke2 dxc5 23. Raf1 a5 24. Kd3 Qg3 25. Qc1 b5 26. Ne2 c4+ 27. Nxc4 bxc4+ 28. Kd2 c3+ 29. Kd1 Qe5 30. Bg2 Rce8 31. Rxf8+ Nxf8 32. Nxc3 Qxe3 33. Qxe3 Rxe3 34. Ne4 Ba4+ 35. Kd2 Ra3 36. Nc5 Rxa2+ 37. Ke3 Ra3+ 38. Kf4 g5+ 39. Kf5 Bc2+ 40. Be4 0-1

[Event "Ulm/Neu Ulm-ch"]
[Site "Ulm/Neu Ulm"]
[Date "2006.12.15"]
[Round "7"]
[White "Smolny, Frieder"]
[Black "Mayer, Arnd"]
[Result "0-1"]
[WhiteElo "1700"]
[BlackElo "1986"]
[PlyCount "20"]
[EventDate "2006.09.22"]
[EventType "swiss"]
[EventRounds "7"]
[EventCountry "GER"]
[SourceTitle "EXT 2011"]
[Source "ChessBase"]
[SourceDate "2010.11.26"]
[SourceVersion "1"]
[SourceVersionDate "2010.11.26"]
[SourceQuality "1"]

1. e4 e5 2. Nf3 d6 3. d4 Nf6 4. Nc3 Nbd7 5. Bc4 h6 6. dxe5 dxe5 7. Bxf7+ Kxf7 8. Nxe5+ Kg8 9. Ng6 Rh7 10. e5 Qe8 0-1